<?xml version='1.0' encoding='UTF-8'?>
  <record xmlns="http://www.loc.gov/MARC21/slim">
    <leader>00000cam a2200000 i 4500</leader>
    <controlfield tag="001">ocm42749359</controlfield>
    <controlfield tag="003">OCoLC</controlfield>
    <controlfield tag="005">20210621143848.6</controlfield>
    <controlfield tag="008">991102s1564    gw            000 0 dut d</controlfield>
    <datafield tag="040" ind1=" " ind2=" ">
      <subfield code="a">NYP</subfield>
      <subfield code="b">eng</subfield>
      <subfield code="c">NYP</subfield>
      <subfield code="d">OCLCQ</subfield>
      <subfield code="d">QGJ</subfield>
      <subfield code="d">OCL</subfield>
      <subfield code="d">OCLCQ</subfield>
    </datafield>
    <datafield tag="026" ind1=" " ind2=" ">
      <subfield code="e">000008 - b1 A2 ne : b2 2E3 $hy$he</subfield>
      <subfield code="2">stcnf</subfield>
    </datafield>
    <datafield tag="035" ind1=" " ind2=" ">
      <subfield code="a">(OCoLC)42749359</subfield>
    </datafield>
    <datafield tag="245" ind1="0" ind2="0">
      <subfield code="a">Spelen vã sinne bydẽ, xix, gheconfirmeerdẽ Cameren van Rethorijcken. Binnen der Stede van Ghendt comparerẽde, verthoont :</subfield>
      <subfield code="b">Volghende den Octroye vander K. Mayesteyt, Graue vã Vlaendren, Onsen gheduchtẽ Heere, Schepenen der seleur stede, eñ Camere van Rhetorijcke vander heylige Drieuuldicheyt, gheseyt de Fonteynisten, verleent, Eñder Charte wtghesonden op de questie, Welck den mensche steruende, meesten troost is? Die selue spelẽ beginnẽde by ordre, so hier na volcht, dẽ. xij. Junij, int JAer M. CCCCC.xxxix. Eñ werdẽ volspeelt eñ geeyendt, den xxiij. vanden Jare eñ maent voorss.</subfield>
    </datafield>
    <datafield tag="246" ind1="3" ind2=" ">
      <subfield code="a">Spelen van sinne byden, xix, gheconfirmeerden Cameren van Rethorijcken. Binnen der Stede van Ghendt comparerẽde, verthoont</subfield>
    </datafield>
    <datafield tag="260" ind1=" " ind2=" ">
      <subfield code="a">[Wesel] :</subfield>
      <subfield code="b">[By my Hans de Braeker],</subfield>
      <subfield code="c">[1564]</subfield>
    </datafield>
    <datafield tag="300" ind1=" " ind2=" ">
      <subfield code="a">220 leaves ;</subfield>
      <subfield code="c">15 cm (8vo.)</subfield>
    </datafield>
    <datafield tag="336" ind1=" " ind2=" ">
      <subfield code="a">text</subfield>
      <subfield code="b">txt</subfield>
      <subfield code="2">rdacontent</subfield>
    </datafield>
    <datafield tag="337" ind1=" " ind2=" ">
      <subfield code="a">unmediated</subfield>
      <subfield code="b">n</subfield>
      <subfield code="2">rdamedia</subfield>
    </datafield>
    <datafield tag="338" ind1=" " ind2=" ">
      <subfield code="a">volume</subfield>
      <subfield code="b">nc</subfield>
      <subfield code="2">rdacarrier</subfield>
    </datafield>
    <datafield tag="510" ind1="4" ind2=" ">
      <subfield code="a">Brunet,</subfield>
      <subfield code="c">V, 484</subfield>
    </datafield>
    <datafield tag="510" ind1="4" ind2=" ">
      <subfield code="a">Bibliotheca Belgica,</subfield>
      <subfield code="c">sér. 1, S223</subfield>
    </datafield>
    <datafield tag="500" ind1=" " ind2=" ">
      <subfield code="a">Colophon: Ghedruckt ende voleynt int Jaer. M.D. LXIIII. den XII Mey. Ende men vinste te coope te Wesel op de Marct teghen ouer Stadthuys, by my Hans de Braeker.</subfield>
    </datafield>
    <datafield tag="500" ind1=" " ind2=" ">
      <subfield code="a">Plays presented in the Ghent competition of 1539 held at the invitation of the "Fountain" Chamber of rhetoric.--cf. Bibliotheca Belgica, sér. 1, S221</subfield>
    </datafield>
    <datafield tag="510" ind1="4" ind2=" ">
      <subfield code="a">Short title catalogue Netherlands,</subfield>
      <subfield code="c">860491846</subfield>
    </datafield>
    <datafield tag="510" ind1="4" ind2=" ">
      <subfield code="a">Valkema Blouw, P. Typographia Batava, 1541-1600,</subfield>
      <subfield code="c">4704</subfield>
    </datafield>
    <datafield tag="541" ind1=" " ind2=" ">
      <subfield code="e">283112A.</subfield>
    </datafield>
    <datafield tag="650" ind1=" " ind2="4">
      <subfield code="a">Morality plays, Flemish</subfield>
      <subfield code="x">Collections.</subfield>
    </datafield>
    <datafield tag="710" ind1="2" ind2=" ">
      <subfield code="a">Rederijkkamer de Fontein, Ghent.</subfield>
    </datafield>
    <datafield tag="776" ind1="0" ind2="8">
      <subfield code="i">Online version:</subfield>
      <subfield code="t">Spelen vã sinne bydẽ, xix.</subfield>
      <subfield code="d">[Wesel], [by my Hans de Braeker], [1564]</subfield>
      <subfield code="w">(OCoLC)1017495356</subfield>
    </datafield>
  </record>